| 000 | 00516nam a22001457a 4500 | ||
|---|---|---|---|
| 020 | _a9788131801130 | ||
| 082 |
_a510 _bGUP/C |
||
| 100 | _aPARMANAND GUPTA | ||
| 245 | _aCOMPREHENSIVE MATHEMATICS | ||
| 260 |
_aNEW DELHI _bLAXMI PUBLICATIONS |
||
| 300 | _a982 | ||
| 520 | _aA NEW FEATURE "WORKING RULES FOR SOLVING PROBLEMS" HAS BEEN INTRODUCED VERY SHORT ANSWER TYPE QUESTIONS, SHORT ANSWER TYPE QUESTIONS, LONG ANSWER TYPE QUESTIONS PROVIDED WITH SUITABLE HINTS | ||
| 650 |
_aMATHS FOR CLASS XI _zINDIA |
||
| 942 | _cBK | ||
| 999 |
_c261 _d261 |
||